ბათუმის შოთა რუსთაველის სახელმწიფო უნივერსიტეტის ბიბლიოთეკა

ლანდი დედისა (ბიბ.ჩანაწერი № 42963)

000 -LEADER
fixed length control field 00816nam a2200229Ia 4500
001 - CONTROL NUMBER
control field 9680
003 - CONTROL NUMBER IDENTIFIER
control field GE_BSU
008 - FIXED-LENGTH DATA ELEMENTS--GENERAL INFORMATION
fixed length control field 181216s||||||||xx |||||||||||||| ||und||
040 ## - CATALOGING SOURCE
Transcribing agency GE_BSU
080 ## - UNIVERSAL DECIMAL CLASSIFICATION NUMBER
Universal Decimal Classification number 821.353.1–32
100 ## - MAIN ENTRY--PERSONAL NAME
Personal name მერაბიშვილი,ელგუჯა
245 ## - TITLE STATEMENT
Title ლანდი დედისა
245 ## - TITLE STATEMENT
Remainder of title მოთხრობები საშ.სასკ.ასაკის ბავშვ–ს
245 ## - TITLE STATEMENT
Statement of responsibility, etc. რედ. მიმოზა ახვლედიანი. მხატვ. დ. მამაცაშვილი
260 ## - PUBLICATION, DISTRIBUTION, ETC.
Place of publication, distribution, etc. თბილისი
260 ## - PUBLICATION, DISTRIBUTION, ETC.
Name of publisher, distributor, etc. ნაკადული
260 ## - PUBLICATION, DISTRIBUTION, ETC.
Date of publication, distribution, etc. 1984
300 ## - PHYSICAL DESCRIPTION
Extent 157გვ.21სმ.
653 ## - INDEX TERM--UNCONTROLLED
Uncontrolled term ლანდი დედისა
653 ## - INDEX TERM--UNCONTROLLED
Uncontrolled term მოთხრობები
942 ## - ADDED ENTRY ELEMENTS (KOHA)
Koha item type წიგნი
ეგზემპლარები
Withdrawn status Lost status Damaged status Not for loan Date acquired Barcode Date last seen Price effective from Koha item type
        2018-12-17 32680 2018-12-17 2018-12-17 წიგნი
        2018-12-17 32681 2018-12-17 2018-12-17 წიგნი
        2018-12-17 32682 2018-12-17 2018-12-17 წიგნი
        2018-12-17 32683 2018-12-17 2018-12-17 წიგნი